000 01240 a2200241 4500
003 NUST
005 20221202140608.0
010 _a 74180104
020 _a0521086280
040 _cNust
082 0 0 _a537,MCK
100 1 _aMcKenzie, A. E. E.
_9104019
245 1 2 _aA second course of electricity /
_cA.E.E. McKenzie
250 _brevised by J. Jenkins and W. H. Jarvis.
260 _aLondon,
_bCambridge University Press,
_c1957.
300 _axi, 317 p.:
_billus., ports.
_c23 cm.
505 _aThe Electric Current (Page-1), Electrical Measurements (Page-16), Magnetic Flux (Page-41), Magnetic Material (Page-76), Magnetic Moment . The Earth’s Magnetic Field (Page-98), Electrolysis (Page-120), Cells (Page-132), Qualitative Electrostatics (Page-146), Quantitative Electrostatics (Page-165), Electromagnetic Induction (Page-187), Absolute Measurement . Dimensions (Page-206), Alternating Current (Page-213), Thermoelectric, Photoelectric and Thermionic Effects (Page-228), Radio Transmission and Reception (Page-251), Atomic Physics (Page-272).
650 0 _aElectricity.
_939895
650 0 _aMagnetism.
_939896
700 1 _aJarvis, W. H.
_9104020
700 1 _aJenkins, John,
_9104021
942 _2ddc
_cBK
_k537,MCK
999 _c184216
_d184216